El protestantismo y el mundo moderno
Guardado en:
| Autor principal: | |
|---|---|
| Formato: | Libro |
| Lenguaje: | español |
| Publicado: |
Ciudad de México
Fondo de Cultura Económica
1967
|
| Edición: | 3a. ed |
| Colección: | Breviarios, 51
|
| Materias: | |
| Etiquetas: |
Agregar Etiqueta
Sin Etiquetas, Sea el primero en etiquetar este registro!
|
MARC
| LEADER | 00000nam a2200000 a 4500 | ||
|---|---|---|---|
| 001 | UCP4936 | ||
| 003 | CL-VaPUC | ||
| 008 | 990821e19670000MX |||||||||||||||||spa|d | ||
| 082 | 0 | 4 | |a 284.109 |b TRO |2 21 |
| 100 | 0 | |a Troeltsch, Ernst |e author |9 432998 | |
| 245 | 1 | 3 | |a El protestantismo y el mundo moderno |
| 250 | |a 3a. ed | ||
| 300 | |a 108 p | ||
| 600 | 0 | |a Lutero, Martín |d 1483-1546 |9 859309 | |
| 942 | |c BK | ||
| 945 | |d 19990821 00:00:00 |a crobeson | ||
| 260 | |a Ciudad de México |b Fondo de Cultura Económica |c 1967 | ||
| 650 | 0 | |a Protestantismo |9 317293 | |
| 650 | 7 | |a IGLESIA LUTERANA |2 CL-VaPUC |9 432999 | |
| 650 | 0 | |a Historia y crítica |9 257407 | |
| 583 | |a last modification |c 19990821 00:00:00 |k Rodrigo Vera | ||
| 490 | 0 | |a Breviarios, 51 | |
| 999 | |c 282826 |d 282824 | ||
| 952 | |0 0 |1 0 |4 0 |6 284_109000000000000_TRO_1967 |7 0 |8 A |9 325270 |a BIBHIS |b BIBHIS |d 2019-11-20 |i 1356518 |o 284.109 TRO 1967 |p 1356518 |r 2025-01-20 |w 2019-11-20 |y BK |k HIS | ||
| 952 | |0 0 |1 0 |4 0 |6 284_109000000000000_TRO_1967 |7 0 |8 A |9 325271 |a BIBHIS |b BIBHIS |d 2019-11-20 |i 1356526 |o 284.109 TRO 1967 |p 1356526 |r 2025-01-20 |w 2019-11-20 |y BK |k HIS | ||
| 952 | |0 0 |1 0 |4 0 |6 284_109000000000000_TRO_1967 |7 0 |8 A |9 325272 |a BIBTEO |b BIBTEO |d 2019-11-20 |i 2091801 |o 284.109 TRO 1967 |p 2091801 |r 2024-01-18 |w 2019-11-20 |y BK |k ICR | ||